000 01061nam a2200301 c 4500
999 _c57367
_d57367
003 BLK
005 20220614125331.0
008 180408b bul|||||r ||||||| ||bul||
010 _aKNG00061369000
040 _aBLK
041 _aBUL
_cBUL
080 _aПсихология
_b159.9
_z159.9
100 1 _aПирьов, Генчо Димитров
_eпърви автор
_9364704
139 _aПирьов, Генчо Д.
_bП 53
245 1 0 _aЕкспериментална психология
_cГенчо Димитров Пирьов.
257 _aBGR
260 _aСофия
_bНаука и изкуство
_c1968
_fПлевен : Ал. Пъшев
300 _a339 с.
_c22 см
380 _a1
500 _a3 080 тир. - Библиогр. с.333-338 и под линия
650 4 _aПсихология, експериментална
_9267613
653 _aпсихология
852 _aЦб 45546
856 4 _qpdf
856 4 _qpdf
942 _cKNG
_n0
_s1
944 _aCR
_c13.06.2004
_kЧиталня
944 _aED
_c07.09.2015
_kВаля_Йорданова
944 _aED
_c2022-06-14
_kХристина Везирева
999 _d57367